Privatizing Ukraine - Will the Ukrainian People Become Richer?
Uložené v:
| Hlavný autor: | |
|---|---|
| Médium: | Kniha |
| Jazyk: | English |
| Vydavateľské údaje: |
Vienna
Institute for Advanced Studies
1994
|
| Vydanie: | 1. ed. |
| Predmet: | |
| Tagy: |
Žiadne tagy, Buďte prvý, kto otaguje tento záznam!
|
MARC
| LEADER | 00000nam a2200000 4500 | ||
|---|---|---|---|
| 001 | c005484 | ||
| 005 | 20221205140942.7 | ||
| 041 | 0 | |a eng | |
| 044 | |a AT | ||
| 245 | 1 | 0 | |a Privatizing Ukraine - Will the Ukrainian People Become Richer? |c Larisa Leshchenko |
| 250 | |a 1. ed. | ||
| 264 | 1 | |a Vienna |b Institute for Advanced Studies |c 1994 | |
| 300 | |a 12 s. | ||
| 610 | 2 | 0 | |a Ukrajina |
| 610 | 2 | 0 | |a privatizácia |
| 100 | 1 | |a Leshchenko, Larisa | |